[Event "MMK 2013 - OPEN"]
[Site "ul.Reymonta 22 - Krakow"]
[Date "2013.08.13"]
[Round "7.5"]
[White "Mihopoulos, Konstantinos"]
[Black "Mariano, Elia"]
[Result "0-1"]
[WhiteElo "2036"]
[BlackElo "2177"]
[PlyCount "58"]
[EventDate "2013.??.??"]

1. d4 e6 2. e4 d5 3. Nc3 Nf6 4. exd5 exd5 5. Bd3 Be7 6. Nge2 Bg4 7. Bf4 Nc6 8.
h3 Be6 9. Qd2 a6 10. a3 Qd7 11. Nd1 O-O-O 12. c3 Ne4 13. Qc2 g5 14. Bh2 f5 15.
f3 Nd6 16. Bxd6 Bxd6 17. Ne3 Rhf8 18. O-O-O f4 19. Ng4 h5 20. Nf2 Ne7 21. Rhe1
Nf5 22. Bxf5 Bxf5 23. Nd3 Rfe8 24. c4 Re3 25. c5 Bf8 26. c6 Qxc6 27. Qxc6 bxc6
28. Ne5 c5 29. dxc5 Rxe5 0-1

[Event "MMK 2013 - OPEN"]
[Site "ul.Reymonta 22 - Krakow"]
[Date "2013.08.13"]
[Round "7.6"]
[White "Wozniak, Mariola"]
[Black "Lach, Piotr"]
[Result "1/2-1/2"]
[WhiteElo "2028"]
[BlackElo "2166"]
[PlyCount "53"]
[EventDate "2013.??.??"]

1. e4 c5 2. Nf3 d6 3. d4 cxd4 4. Nxd4 Nf6 5. Nc3 a6 6. Be2 e5 7. Nb3 Be7 8. O-O
Be6 9. Kh1 O-O 10. f4 exf4 11. Bxf4 Nc6 12. Qe1 Ne5 13. Rd1 Qc7 14. Nd4 Ng6 15.
Bg5 h6 16. Bxf6 Bxf6 17. Rxf6 gxf6 18. Qd2 Qc5 19. Nd5 Bxd5 20. b4 Qc8 21. exd5
Re8 22. Qxh6 Rxe2 23. Nxe2 Qxc2 24. Qd2 Qxd2 25. Rxd2 Rc8 26. g3 Rc4 27. a3
1/2-1/2

[Event "MMK 2013 - OPEN"]
[Site "ul.Reymonta 22 - Krakow"]
[Date "2013.08.13"]
[Round "7.9"]
[White "Kohtz, Andreas"]
[Black "Nester, Ihor"]
[Result "1-0"]
[WhiteElo "2034"]
[BlackElo "2306"]
[PlyCount "75"]
[EventDate "2013.??.??"]

1. d4 d5 2. Nf3 Nf6 3. Bf4 c5 4. c3 Qb6 5. Qb3 c4 6. Qc2 Nc6 7. e3 Bf5 8. Qc1
e6 9. h3 Be7 10. Be2 O-O 11. Nbd2 Rfc8 12. O-O Qd8 13. Bd1 Bd3 14. Re1 Ne4 15.
Bc2 Bxc2 16. Qxc2 f5 17. Re2 Bd6 18. Nxe4 fxe4 19. Nd2 e5 20. dxe5 Bxe5 21. f3
Bxf4 22. exf4 Qb6+ 23. Kh1 e3 24. Nf1 d4 25. Qe4 Kh8 26. cxd4 Nxd4 27. Rxe3
Qxb2 28. Rb1 Qxa2 29. Rxb7 Qf2 30. Qxd4 Qxf1+ 31. Kh2 Rg8 32. Ree7 Rad8 33. Qc3
Rd3 34. Qxc4 h6 35. Qa6 Kh7 36. f5 Rxf3 37. Qg6+ Kh8 38. Qxh6+ 1-0

[Event "MMK 2013 - OPEN"]
[Site "ul.Reymonta 22 - Krakow"]
[Date "2013.08.13"]
[Round "7.10"]
[White "Kromka, Ryszard"]
[Black "Mucha, Roman"]
[Result "0-1"]
[WhiteElo "1941"]
[BlackElo "2190"]
[PlyCount "60"]
[EventDate "2013.??.??"]

1. e4 c5 2. Nf3 d6 3. d4 cxd4 4. Nxd4 Nf6 5. Nc3 Bd7 6. Bc4 e6 7. Bb3 a6 8. Be3
Nc6 9. O-O Be7 10. f3 b5 11. a3 Na5 12. Qd2 Rc8 13. Qf2 Nc4 14. Bxc4 Rxc4 15.
Nb3 O-O 16. Bb6 Qb8 17. Na5 Rcc8 18. Rfd1 e5 19. Rd3 Qa8 20. Rad1 Be6 21. Be3
Rfd8 22. Qg3 Qb8 23. Qf2 Qa8 24. Bb6 Re8 25. Kh1 Nd7 26. Nd5 Bxd5 27. Rxd5 Nxb6
28. Qxb6 Bd8 29. Qxd6 Bxa5 30. Rxe5 Red8 0-1

[Event "MMK 2013 - OPEN"]
[Site "ul.Reymonta 22 - Krakow"]
[Date "2013.08.13"]
[Round "7.11"]
[White "Xylogiannopoulos, Antonios"]
[Black "Kyrychenko, Maryan"]
[Result "1-0"]
[WhiteElo "2146"]
[BlackElo "1711"]
[PlyCount "75"]
[EventDate "2013.??.??"]

1. b3 d5 2. Bb2 c5 3. e3 Nc6 4. f4 Bf5 5. Bb5 Qc7 6. Nf3 Nf6 7. O-O e6 8. d3
Be7 9. Ne5 Bg6 10. g4 Bd6 11. h4 h5 12. g5 Ng8 13. Qf3 O-O-O 14. Bxc6 bxc6 15.
Nxg6 fxg6 16. Qh3 Qd7 17. Nd2 Rf8 18. Nf3 Rh7 19. Ne5 Bxe5 20. Bxe5 Qf7 21. Bd6
Re8 22. Bxc5 Kb7 23. e4 Ne7 24. Qe3 Nc8 25. a4 Qd7 26. Qd4 e5 27. Qb4+ Ka8 28.
f5 gxf5 29. exf5 d4 30. Qd2 Qd5 31. b4 e4 32. Qg2 exd3 33. Qxd5 cxd5 34. cxd3
Re3 35. Rae1 Rxd3 36. Re8 Kb7 37. g6 Rh6 38. Bf8 1-0

[Event "MMK 2013 - OPEN"]
[Site "ul.Reymonta 22 - Krakow"]
[Date "2013.08.13"]
[Round "7.12"]
[White "Adamowicz, Katarzyna"]
[Black "Jedras, Piotr"]
[Result "1/2-1/2"]
[WhiteElo "2112"]
[BlackElo "2008"]
[PlyCount "159"]
[EventDate "2013.??.??"]

1. e4 c5 2. Nf3 d6 3. d4 cxd4 4. Nxd4 Nf6 5. Nc3 g6 6. Be2 Bg7 7. O-O Nc6 8.
Nb3 O-O 9. Re1 Be6 10. Bf1 Na5 11. Bg5 Nc4 12. Bxc4 Bxc4 13. Nd5 Nxd5 14. exd5
Re8 15. c3 Qd7 16. Na5 Ba6 17. Qf3 h6 18. Be3 e5 19. dxe6 fxe6 20. Nb3 Rf8 21.
Qe4 Qf7 22. Rad1 d5 23. Qh4 g5 24. Qg3 e5 25. h4 gxh4 26. Qxh4 b6 27. f3 Kh7
28. Nc1 Qg6 29. Kh1 Rf5 30. Qg4 Qf7 31. Kg1 Bb7 32. Ne2 Rg8 33. Ng3 Rf6 34. Kh2
Bf8 35. Qh5 Qg7 36. Qh3 Bc8 37. Nh5 Bxh3 38. Nxg7 Bxg2 39. Kxg2 Rxg7+ 40. Kf2
e4 41. f4 Rf5 42. Rg1 Rxg1 43. Rxg1 Bc5 44. Rg4 h5 45. Rh4 Kg6 46. Ke2 Be7 47.
Rh1 h4 48. Rg1+ Kf7 49. Rh1 Rh5 50. Kf1 h3 51. Kg1 Ke6 52. Kh2 Bc5 53. Bc1 Kf5
54. Kg3 b5 55. Rd1 d4 56. cxd4 h2 57. dxc5 h1=Q 58. Rxh1 Rxh1 59. Be3 a5 60.
Kg2 Rb1 61. Bd4 Kxf4 62. c6 Rc1 63. Bc3 Rc2+ 64. Kh3 e3 65. c7 Rxc3 66. bxc3 e2
67. c8=Q e1=Q 68. Qf8+ Ke3 69. Qc5+ Kd2 70. Qxb5 Qe3+ 71. Kg2 Qxc3 72. a4 Qg7+
73. Kf3 Qf8+ 74. Ke4 Qb4+ 75. Kd5 Kc3 76. Kc6 Kb3 77. Kb6 Ka3 78. Ka6 Qxa4 79.
Qxa5 Qxa5+ 80. Kxa5 1/2-1/2

[Event "MMK 2013 - OPEN"]
[Site "ul.Reymonta 22 - Krakow"]
[Date "2013.08.13"]
[Round "7.13"]
[White "Gosciniak, Maria"]
[Black "Luczka, Szymon"]
[Result "1-0"]
[WhiteElo "2098"]
[BlackElo "1648"]
[PlyCount "107"]
[EventDate "2013.??.??"]

1. e4 e6 2. d4 d5 3. Nc3 Nf6 4. e5 Nfd7 5. f4 c5 6. Nf3 Nc6 7. Be3 a6 8. Qd2 b5
9. dxc5 Bxc5 10. Bxc5 Nxc5 11. Qf2 Qb6 12. Bd3 b4 13. Ne2 a5 14. O-O Rb8 15.
Rad1 Nxd3 16. cxd3 Qxf2+ 17. Kxf2 Ba6 18. Nfd4 Nxd4 19. Nxd4 Rc8 20. Ke3 g6 21.
Rc1 Kd7 22. Nb3 Bb5 23. Nc5+ Ke7 24. Nb7 f6 25. Nd6 Rxc1 26. Rxc1 Bd7 27. Rc7
fxe5 28. fxe5 Ra8 29. Rb7 h6 30. Nb5 Rc8 31. Nd4 Rc1 32. Nb3 Re1+ 33. Kd4 Kd8
34. Nxa5 Re2 35. Rxb4 Rxg2 36. Rb8+ Ke7 37. Rb7 Rxh2 38. Nc6+ Ke8 39. Nb8 Bc8
40. Rh7 Rxb2 41. Rh8+ Kf7 42. Rxc8 Rxa2 43. Rc7+ Kf8 44. Nd7+ Ke8 45. Nf6+ Kf8
46. Rh7 h5 47. Ke3 Rh2 48. Kf4 Rd2 49. Nd7+ Kg8 50. Re7 Rxd3 51. Kg5 Rg3+ 52.
Kh6 h4 53. Rg7+ Kh8 54. Nf6 1-0

[Event "MMK 2013 - OPEN"]
[Site "ul.Reymonta 22 - Krakow"]
[Date "2013.08.13"]
[Round "7.14"]
[White "Magan Gonzalez, Alberto"]
[Black "Jakubiec, Edyta"]
[Result "0-1"]
[WhiteElo "1861"]
[BlackElo "2216"]
[PlyCount "62"]
[EventDate "2013.??.??"]

1. e4 c5 2. Nf3 d6 3. d4 cxd4 4. Nxd4 Nf6 5. Nc3 a6 6. Bg5 Nbd7 7. Qd2 h6 8.
Bh4 b5 9. a3 Bb7 10. f3 e6 11. Bf2 Be7 12. h4 Qc7 13. Bd3 d5 14. exd5 Nxd5 15.
Nxd5 Bxd5 16. O-O-O Nc5 17. Kb1 b4 18. axb4 Nxd3 19. Qxd3 Bxb4 20. c3 Be7 21.
Rhe1 Rd8 22. Qe3 O-O 23. g4 Qa5 24. g5 hxg5 25. hxg5 Bxg5 26. f4 Qa2+ 27. Kc2
Rb8 28. Rb1 Bf6 29. Rg1 Rfc8 30. Qc1 Be4+ 31. Kd2 Qxb1 0-1

[Event "MMK 2013 - OPEN"]
[Site "ul.Reymonta 22 - Krakow"]
[Date "2013.08.13"]
[Round "7.15"]
[White "Kyrychenko, Mykola"]
[Black "Lach, Aleksandra"]
[Result "0-1"]
[WhiteElo "1850"]
[BlackElo "2161"]
[PlyCount "50"]
[EventDate "2013.??.??"]

1. b3 e5 2. Bb2 Nc6 3. e3 a6 4. d4 exd4 5. exd4 d5 6. Nf3 Bf5 7. Be2 Bd6 8. O-O
Nge7 9. a3 O-O 10. c4 Ng6 11. cxd5 Nce7 12. Ne5 Nxd5 13. Bf3 c6 14. Bxd5 cxd5
15. Nd2 Nf4 16. g3 Nh3+ 17. Kg2 Ng5 18. g4 Bxe5 19. gxf5 Bf4 20. h4 Bxd2 21.
Qxd2 Ne4 22. Qf4 Qd6 23. Bc1 Qf6 24. Be3 Nd6 25. Rad1 Nxf5 0-1

[Event "MMK 2013 - OPEN"]
[Site "ul.Reymonta 22 - Krakow"]
[Date "2013.08.13"]
[Round "7.16"]
[White "Carre, Sylvain"]
[Black "Kyc, Jerzy"]
[Result "1/2-1/2"]
[WhiteElo "2120"]
[BlackElo "1951"]
[PlyCount "110"]
[EventDate "2013.??.??"]

1. d4 Nf6 2. Nf3 g6 3. Bf4 Bg7 4. e3 O-O 5. Be2 b6 6. O-O Bb7 7. a4 a5 8. h3 d6
9. c3 c5 10. Na3 Nbd7 11. Nb5 Nd5 12. Bh2 Nc7 13. Nd2 Nxb5 14. Bxb5 Qc7 15. Nc4
Bc6 16. d5 Bxb5 17. axb5 f5 18. f3 Rf7 19. Qd3 Rd8 20. Rad1 Rdf8 21. Bf4 Qb8
22. Qe2 Qc7 23. Kh1 h6 24. Bh2 Kh7 25. g4 Qb8 26. Kg2 Qa8 27. Qd3 Rf6 28. gxf5
gxf5 29. Bf4 Qe8 30. Kh2 Qh5 31. Qe2 Rg6 32. Rg1 Rff6 33. Qf1 Rxg1 34. Kxg1
Rg6+ 35. Kh2 Bf6 36. Rd2 Bg5 37. Bxg5 hxg5 38. e4 Rf6 39. exf5 Rxf5 40. Qd3 Qg6
41. Re2 Rf7 42. Qxg6+ Kxg6 43. Kg3 Kf5 44. Re6 Nf6 45. Ne3+ Kg6 46. Ng4 Kh5 47.
Nxf6+ Rxf6 48. Rxe7 c4 49. Re6 Rxe6 50. dxe6 Kg6 51. f4 d5 52. f5+ Kf6 53. Kf3
d4 54. Ke2 d3+ 55. Kd2 a4 1/2-1/2

[Event "MMK 2013 - OPEN"]
[Site "ul.Reymonta 22 - Krakow"]
[Date "2013.08.13"]
[Round "7.17"]
[White "Slabek, Grzegorz"]
[Black "Gumularz, Szymon"]
[Result "1/2-1/2"]
[WhiteElo "2056"]
[BlackElo "1920"]
[PlyCount "21"]
[EventDate "2013.??.??"]

1. Nf3 Nf6 2. e3 g6 3. Be2 Bg7 4. O-O O-O 5. d4 c5 6. b3 cxd4 7. Nxd4 Nc6 8.
Bb2 a5 9. Na3 Re8 10. Nxc6 bxc6 11. c4 {unrd} 1/2-1/2

[Event "MMK 2013 - OPEN"]
[Site "ul.Reymonta 22 - Krakow"]
[Date "2013.08.13"]
[Round "7.18"]
[White "Blaszczak, Pawel"]
[Black "Molenda, Marcin"]
[Result "0-1"]
[WhiteElo "2039"]
[BlackElo "1866"]
[PlyCount "24"]
[EventDate "2013.??.??"]

1. e4 c5 2. Nf3 Nc6 3. d4 cxd4 4. Nxd4 g6 5. Nc3 Bg7 6. Be3 Nf6 7. Bc4 O-O 8.
f3 Qb6 9. Ncb5 a6 10. Nf5 Qa5+ 11. Bd2 Qd8 12. Nxg7 axb5 0-1

[Event "MMK 2013 - OPEN"]
[Site "ul.Reymonta 22 - Krakow"]
[Date "2013.08.13"]
[Round "7.19"]
[White "Kolomvakis, Stelios"]
[Black "Sumin, Vladyslav"]
[Result "0-1"]
[WhiteElo "1821"]
[BlackElo "2037"]
[PlyCount "80"]
[EventDate "2013.??.??"]

1. d4 Nf6 2. c4 c5 3. Nf3 cxd4 4. Nxd4 Nc6 5. Nc3 e6 6. e3 Be7 7. Be2 O-O 8.
O-O a6 9. a3 Qc7 10. Rb1 b6 11. b4 Bb7 12. Qb3 Rac8 13. Nxc6 Qxc6 14. Bf3 Qc7
15. Bxb7 Qxb7 16. Bb2 Rc7 17. Rbc1 Rfc8 18. Na4 d6 19. Rfd1 Nd7 20. h3 Rc6 21.
b5 R6c7 22. bxa6 Qxa6 23. Qb5 Qa7 24. e4 Nc5 25. Nxc5 bxc5 26. Qb3 Rb7 27. Qc2
Rcb8 28. Rb1 Rb6 29. e5 d5 30. cxd5 exd5 31. Rxd5 Qb7 32. Rd2 h6 33. Qf5 g6 34.
Qg4 h5 35. Qf4 Qc8 36. e6 Qxe6 37. Qh6 Rxb2 38. Rdxb2 Rxb2 39. Rxb2 Qe1+ 40.
Kh2 Qe5+ 0-1

[Event "MMK 2013 - OPEN"]
[Site "ul.Reymonta 22 - Krakow"]
[Date "2013.08.13"]
[Round "7.20"]
[White "Chmiel, Marcin"]
[Black "Low, Zhen Yu Cyrus"]
[Result "1-0"]
[WhiteElo "2028"]
[BlackElo "1769"]
[PlyCount "65"]
[EventDate "2013.??.??"]

1. d4 Nf6 2. c4 e6 3. g3 Bb4+ 4. Nd2 O-O 5. Ngf3 d6 6. Bg2 Re8 7. a3 Bxd2+ 8.
Qxd2 Qe7 9. O-O e5 10. dxe5 dxe5 11. b4 e4 12. Nd4 Nbd7 13. Bb2 Nb6 14. Rac1 c5
15. bxc5 Qxc5 16. Qb4 Nbd7 17. Nb5 Qc6 18. Rfd1 a5 19. Qd6 Rb8 20. Bxf6 gxf6
21. Qxc6 bxc6 22. Nd6 Re7 23. Bh3 Ba6 24. Nf5 Re5 25. Rxd7 Rf8 26. Ne7+ Kh8 27.
Nxc6 Rc5 28. Rd6 Bc8 29. Bxc8 Rxc8 30. Rd8+ Rxd8 31. Nxd8 Rc7 32. c5 Kg8 33. c6
1-0

[Event "MMK 2013 - OPEN"]
[Site "ul.Reymonta 22 - Krakow"]
[Date "2013.08.13"]
[Round "7.21"]
[White "Zaboklicki, Zbigniew"]
[Black "Sanetra, Krzysztof"]
[Result "1-0"]
[WhiteElo "1790"]
[BlackElo "1981"]
[PlyCount "61"]
[EventDate "2013.??.??"]

1. d4 Nf6 2. Nf3 g6 3. g3 Bg7 4. Bg2 d6 5. O-O O-O 6. Nbd2 c5 7. c3 Qc7 8. Re1
Na6 9. e4 Bg4 10. h3 Bxf3 11. Nxf3 cxd4 12. Nxd4 Nc5 13. Nc2 Rad8 14. Nb4 e6
15. Nd3 d5 16. Bf1 Qc8 17. e5 Nfe4 18. Nxc5 Nxc5 19. Qe2 h6 20. h4 Nd7 21. Be3
Qc7 22. f4 b6 23. Bd4 Nc5 24. Rad1 Nd7 25. Qc2 Rc8 26. h5 Nb8 27. Bh3 Nc6 28.
hxg6 Kh8 29. gxf7 Qxf7 30. Qd3 Rg8 31. Kh2 1-0

[Event "MMK 2013 - OPEN"]
[Site "ul.Reymonta 22 - Krakow"]
[Date "2013.08.13"]
[Round "7.22"]
[White "Polok, Kacper"]
[Black "Madej, Roman"]
[Result "1-0"]
[WhiteElo "2213"]
[BlackElo "1637"]
[PlyCount "55"]
[EventDate "2013.??.??"]

1. g3 c6 2. Bg2 d5 3. c4 Nf6 4. Nf3 Nbd7 5. O-O e5 6. d4 e4 7. Ne5 Nxe5 8. dxe5
Ng4 9. cxd5 cxd5 10. Nc3 Be6 11. Qa4+ Bd7 12. Qd4 Bc6 13. h3 Nh6 14. Bxh6 gxh6
15. e6 f6 16. b4 Bd6 17. b5 Be5 18. Qa4 Bxc3 19. bxc6 O-O 20. cxb7 Rb8 21. Rac1
Be5 22. Rfd1 Qb6 23. Rxd5 Bxg3 24. Qd4 Qxd4 25. Rxd4 Bf4 26. e3 Bg5 27. e7 Rfe8
28. Rd8 1-0

[Event "MMK 2013 - OPEN"]
[Site "ul.Reymonta 22 - Krakow"]
[Date "2013.08.13"]
[Round "7.23"]
[White "Opasiak, Dustin Tennessee"]
[Black "Oestreicher, Hans-ulrich"]
[Result "1-0"]
[WhiteElo "1767"]
[BlackElo "2090"]
[PlyCount "83"]
[EventDate "2013.??.??"]

1. Nf3 Nf6 2. g3 g6 3. Bg2 Bg7 4. O-O O-O 5. d3 d5 6. Nbd2 c5 7. e4 dxe4 8.
dxe4 Nc6 9. c3 Qc7 10. Qc2 Be6 11. Ng5 Bd7 12. f4 Rad8 13. Nc4 e5 14. f5 Ne7
15. Ne3 Bc6 16. Nh3 h6 17. g4 g5 18. Nf2 b5 19. b3 Bb7 20. Ba3 Qb6 21. Rad1
Rfe8 22. c4 b4 23. Bb2 Nc6 24. Nd5 Nxd5 25. exd5 Nd4 26. Qd2 a5 27. Ne4 f6 28.
Qe3 a4 29. bxa4 Ra8 30. Bxd4 cxd4 31. Qb3 Bf8 32. c5 Bxc5 33. Nxc5 Qxc5 34. d6+
Kg7 35. Bxb7 Ra7 36. d7 Rh8 37. Bc8 h5 38. Rc1 Qf8 39. Rc6 hxg4 40. Rfc1 Rh3
41. Qe6 g3 42. Qe8 1-0

[Event "MMK 2013 - OPEN"]
[Site "ul.Reymonta 22 - Krakow"]
[Date "2013.08.13"]
[Round "7.24"]
[White "Sanetra, Szymon"]
[Black "Lewtak, Dominik"]
[Result "1/2-1/2"]
[WhiteElo "2010"]
[BlackElo "1846"]
[PlyCount "66"]
[EventDate "2013.??.??"]

1. d4 Nf6 2. c4 g6 3. Nc3 Bg7 4. e4 d6 5. Nf3 O-O 6. Be2 e5 7. d5 a5 8. Bg5 Na6
9. Nd2 Qe8 10. O-O h6 11. Be3 Nh7 12. a3 Bd7 13. b4 f5 14. f3 axb4 15. axb4
Nxb4 16. Qb3 c5 17. dxc6 Nxc6 18. Nd5 Rxa1 19. Rxa1 Nd4 20. Bxd4 exd4 21. Bd3
Bc6 22. c5 Kh8 23. cxd6 Qe6 24. Nc4 fxe4 25. fxe4 Bxd5 26. exd5 Qxd5 27. Ra5
Qf7 28. Qc2 Ng5 29. h4 Qe6 30. hxg5 Qe1+ 31. Kh2 Qh4+ 32. Kg1 Qe1+ 33. Kh2 Qh4+
1/2-1/2

[Event "MMK 2013 - OPEN"]
[Site "ul.Reymonta 22 - Krakow"]
[Date "2013.08.13"]
[Round "7.25"]
[White "Ruffenach, Alain"]
[Black "Peronczyk, Karol"]
[Result "0-1"]
[WhiteElo "1934"]
[BlackElo "1775"]
[PlyCount "84"]
[EventDate "2013.??.??"]

1. d4 d5 2. Nf3 e6 3. e3 Nf6 4. Bd3 Bd6 5. O-O O-O 6. c4 c6 7. Nc3 Nbd7 8. e4
dxe4 9. Nxe4 Nxe4 10. Bxe4 e5 11. c5 Bc7 12. Qc2 h6 13. b4 exd4 14. Bb2 Ne5 15.
Nxd4 Re8 16. Rae1 a5 17. f4 Ng4 18. Nxc6 bxc6 19. Bxc6 Rxe1 20. Rxe1 Be6 21.
Bxa8 Qxa8 22. h3 Nf6 23. f5 Bd5 24. b5 Be4 25. Qe2 Bg3 26. Rf1 Qd5 27. Bxf6
gxf6 28. Qg4+ Kh7 29. Qxg3 Qxc5+ 30. Kh2 Qxb5 31. Qf4 Qd5 32. Rf2 a4 33. g4 a3
34. Rd2 Qc6 35. Qd6 Qc3 36. Qd4 Qc7+ 37. Qd6 Qc3 38. Qf4 Bb7 39. Rd7 Qb2+ 40.
Qd2 Qe5+ 41. Kg1 Qg3+ 42. Kf1 Ba6+ 0-1

[Event "MMK 2013 - OPEN"]
[Site "ul.Reymonta 22 - Krakow"]
[Date "2013.08.13"]
[Round "7.26"]
[White "Gawle, Ireneusz"]
[Black "Lis, Mateusz"]
[Result "1/2-1/2"]
[WhiteElo "1925"]
[BlackElo "1725"]
[PlyCount "57"]
[EventDate "2013.??.??"]

1. e4 c6 2. d4 d5 3. exd5 cxd5 4. c4 Nf6 5. Nc3 e6 6. Nf3 Bb4 7. Qc2 Nc6 8.
cxd5 Nxd5 9. Bd3 Be7 10. a3 Nf6 11. O-O O-O 12. Rd1 a6 13. Bg5 h6 14. Bxf6 Bxf6
15. d5 exd5 16. Nxd5 Kh8 17. Be4 Ne5 18. Nc7 Qe7 19. Nxa8 Bg4 20. Nb6 Bxf3 21.
Bxf3 Nxf3+ 22. gxf3 Be5 23. Nd7 Rg8 24. Nxe5 Qxe5 25. Qc3 Qf4 26. Rd4 Qf5 27.
Rad1 b5 28. Rd8 Qg5+ 29. Kh1 1/2-1/2

[Event "MMK 2013 - OPEN"]
[Site "ul.Reymonta 22 - Krakow"]
[Date "2013.08.14"]
[Round "8.1"]
[White "Mariano, Elia"]
[Black "Barski, Radoslaw"]
[Result "1-0"]
[WhiteElo "2177"]
[BlackElo "2268"]
[PlyCount "49"]
[EventDate "2013.??.??"]

1. d4 Nf6 2. c4 g6 3. Nc3 Bg7 4. e4 d6 5. Bd3 O-O 6. Nge2 Nc6 7. O-O Re8 8. Bc2
e5 9. d5 Nd4 10. Ba4 Bd7 11. Bxd7 Nxd7 12. Be3 Nxe2+ 13. Qxe2 f5 14. f3 a5 15.
a3 Qh4 16. b4 Nf6 17. c5 fxe4 18. fxe4 Nxe4 19. Qc4 axb4 20. Nxe4 bxa3 21. Bg5
Qh5 22. h4 Rf8 23. Ng3 Rxf1+ 24. Rxf1 a2 25. Nxh5 1-0

[Event "MMK 2013 - OPEN"]
[Site "ul.Reymonta 22 - Krakow"]
[Date "2013.08.14"]
[Round "8.2"]
[White "Shilov, Sergej"]
[Black "Bus, Konrad"]
[Result "0-1"]
[WhiteElo "2206"]
[BlackElo "2066"]
[PlyCount "88"]
[EventDate "2013.??.??"]

1. d4 d5 2. c4 c6 3. Nc3 Nf6 4. e3 g6 5. Nf3 Bg7 6. Bd3 Bf5 7. O-O Bxd3 8. Qxd3
O-O 9. e4 dxe4 10. Nxe4 Nbd7 11. Re1 Re8 12. Bg5 h6 13. Nxf6+ Nxf6 14. Bf4 Qd7
15. Qd2 g5 16. Be5 Qf5 17. h3 Rad8 18. Qb4 Rd7 19. Rad1 e6 20. Qa3 a6 21. g4
Qc2 22. Rc1 Qg6 23. Qe3 Red8 24. Bg3 Nh7 25. Ne5 Bxe5 26. Bxe5 f6 27. Bg3 Nf8
28. Qb3 Qf7 29. f4 Rxd4 30. fxg5 hxg5 31. Rc3 e5 32. Rf3 Ng6 33. Bxe5 Nxe5 34.
Rxe5 Rd1+ 35. Kf2 Qc7 36. c5+ Kh8 37. Rff5 R8d2+ 38. Ke3 Rd3+ 39. Qxd3 Rxd3+
40. Kxd3 fxe5 41. Ke4 Qa5 42. Rxg5 Qe1+ 43. Kf5 e4 44. Kf6 Qh4 0-1

[Event "MMK 2013 - OPEN"]
[Site "ul.Reymonta 22 - Krakow"]
[Date "2013.08.14"]
[Round "8.3"]
[White "Kumor, Lukasz"]
[Black "Gola, Karol"]
[Result "1/2-1/2"]
[WhiteElo "2131"]
[BlackElo "2184"]
[PlyCount "38"]
[EventDate "2013.??.??"]

1. e4 c5 2. Nf3 e6 3. d4 cxd4 4. Nxd4 a6 5. Bd3 Nf6 6. O-O d6 7. Nc3 Be7 8. h3
e5 9. Nb3 Be6 10. f4 Qc7 11. Qe2 exf4 12. Bxf4 Nc6 13. Be3 Rc8 14. Nd4 Ne5 15.
Nf5 Bxf5 16. Rxf5 Nc4 17. Bxc4 Qxc4 18. Qd3 b5 19. a3 Nd7 1/2-1/2

[Event "MMK 2013 - OPEN"]
[Site "ul.Reymonta 22 - Krakow"]
[Date "2013.08.14"]
[Round "8.4"]
[White "Gbyl, Andrzej"]
[Black "Gosciniak, Maria"]
[Result "1-0"]
[WhiteElo "2198"]
[BlackElo "2098"]
[PlyCount "81"]
[EventDate "2013.??.??"]

1. d4 e6 2. Nf3 f5 3. c4 Bb4+ 4. Nbd2 Nf6 5. a3 Bxd2+ 6. Bxd2 O-O 7. Bf4 d6 8.
e3 b6 9. Be2 Bb7 10. h3 Nbd7 11. O-O Qe7 12. Bh2 Ne4 13. Rc1 a5 14. d5 e5 15.
b3 Rae8 16. Qc2 Bc8 17. b4 axb4 18. axb4 Nb8 19. Ra1 f4 20. Ra8 Bd7 21. c5 Ng5
22. e4 Nxf3+ 23. Bxf3 bxc5 24. bxc5 c6 25. Ra7 dxc5 26. Rd1 Qg5 27. dxc6 Bxc6
28. Qxc5 Rc8 29. Qd6 Qf6 30. Qa3 Rcd8 31. Rc1 Be8 32. Be2 Bf7 33. Kh1 Qd6 34.
Qxd6 Rxd6 35. Bb5 Rb6 36. Rc5 h6 37. f3 g5 38. Bg1 Re6 39. Rc2 Rf6 40. Bc5 Rd8
41. Kh2 1-0

[Event "MMK 2013 - OPEN"]
[Site "ul.Reymonta 22 - Krakow"]
[Date "2013.08.14"]
[Round "8.5"]
[White "Mucha, Roman"]
[Black "Kohtz, Andreas"]
[Result "1/2-1/2"]
[WhiteElo "2190"]
[BlackElo "2034"]
[PlyCount "97"]
[EventDate "2013.??.??"]

1. b3 Nf6 2. Bb2 d5 3. f4 g6 4. Nf3 Bg7 5. g3 c5 6. Bg2 O-O 7. O-O Nc6 8. Ne5
Nxe5 9. Bxe5 Nd7 10. Bxg7 Kxg7 11. d4 e6 12. Nd2 cxd4 13. Nf3 Qb6 14. Qxd4+
Qxd4+ 15. Nxd4 Nf6 16. Rfc1 Bd7 17. c4 Bc6 18. c5 Rfc8 19. b4 a6 20. Bf3 Ne4
21. Nxc6 Rxc6 22. Bxe4 dxe4 23. Kf2 b6 24. Ke3 f5 25. a3 h6 26. cxb6 Rxb6 27.
Rc7+ Kf6 28. Rd1 a5 29. Rdd7 Rf8 30. Rb7 Rxb7 31. Rxb7 Rc8 32. b5 Rc3+ 33. Kd4
Rxa3 34. b6 Rb3 35. Kc5 Rb2 36. e3 Rb3 37. Rb8 Kg7 38. Rb7+ Kf6 39. Ra7 Rc3+
40. Kd6 Rxe3 41. Rxa5 Rb3 42. Kc6 g5 43. b7 e3 44. Re5 gxf4 45. gxf4 Rc3+ 46.
Kb6 Rb3+ 47. Kc7 Rc3+ 48. Kd7 Rd3+ 49. Kc6 1/2-1/2

[Event "MMK 2013 - OPEN"]
[Site "ul.Reymonta 22 - Krakow"]
[Date "2013.08.14"]
[Round "8.6"]
[White "Lach, Piotr"]
[Black "Matviishen, Viktor"]
[Result "0-1"]
[WhiteElo "2166"]
[BlackElo "2070"]
[PlyCount "74"]
[EventDate "2013.??.??"]

1. e4 c5 2. Ne2 Nc6 3. Nbc3 e6 4. d3 Nd4 5. Nxd4 cxd4 6. Ne2 e5 7. c3 dxc3 8.
Nxc3 Bc5 9. Be2 d6 10. O-O h6 11. Bg4 Nf6 12. Bxc8 Rxc8 13. Kh1 O-O 14. f4 a6
15. Qf3 exf4 16. Bxf4 Bd4 17. Ne2 Bxb2 18. Rab1 Rc2 19. d4 d5 20. Qd3 Qc8 21.
exd5 Nxd5 22. Be5 Qc6 23. Rfe1 Qg6 24. Qf3 Rd8 25. Ng3 f6 26. Nf5 fxe5 27. Qe4
Rf2 28. g4 Qc6 29. Kg1 Rd2 30. Qxe5 Qf6 31. Qxf6 Nxf6 32. Re7 Bxd4+ 33. Nxd4
R8xd4 34. Rbxb7 Rxg4+ 35. Kf1 Ne4 36. Rb8+ Kh7 37. Rf8 Rxh2 0-1

[Event "MMK 2013 - OPEN"]
[Site "ul.Reymonta 22 - Krakow"]
[Date "2013.08.14"]
[Round "8.7"]
[White "Wozniak, Mariola"]
[Black "Xylogiannopoulos, Antonios"]
[Result "0-1"]
[WhiteElo "2028"]
[BlackElo "2146"]
[PlyCount "54"]
[EventDate "2013.??.??"]

1. e4 e5 2. Nf3 Nc6 3. Nc3 Nf6 4. d4 Bb4 5. Nxe5 O-O 6. Qd3 Qe7 7. Bd2 Nxe5 8.
dxe5 Qxe5 9. f3 d5 10. f4 Qh5 11. Nxd5 Bxd2+ 12. Kxd2 Nxd5 13. Qxd5 Qh6 14. g3
Bg4 15. Bd3 Bf3 16. Rhg1 Rfd8 17. Qc4 Qxh2+ 18. Ke3 Bg2 19. e5 Qxg3+ 20. Kd2
Qf2+ 21. Kc3 b5 22. Rxg2 Qxg2 23. Qxb5 Rab8 24. Qa4 Rxd3+ 25. Kxd3 Qf3+ 26. Kd2
Rd8+ 27. Ke1 Qh1+ 0-1

[Event "MMK 2013 - OPEN"]
[Site "ul.Reymonta 22 - Krakow"]
[Date "2013.08.14"]
[Round "8.8"]
[White "Marczuk, Dominik"]
[Black "Watorek, Marcin"]
[Result "1-0"]
[WhiteElo "2049"]
[BlackElo "2116"]
[PlyCount "103"]
[EventDate "2013.??.??"]

1. e4 c5 2. Nf3 d6 3. d4 cxd4 4. Nxd4 Nf6 5. Nc3 Nc6 6. Bg5 e6 7. Qd3 a6 8.
O-O-O Bd7 9. Be2 h6 10. Bh4 Be7 11. Nb3 Ne5 12. Qd4 g5 13. Bg3 Qc7 14. h4 Rg8
15. hxg5 hxg5 16. Nd2 Rc8 17. Nf3 Nxf3 18. Bxf3 e5 19. Qd3 Qc4 20. Qd2 g4 21.
Be2 Nxe4 22. Bxc4 Nxd2 23. Bd5 Nc4 24. Ne4 Bf5 25. Bh4 Nb6 26. Bxb7 Rc7 27.
Nxd6+ Bxd6 28. Rxd6 Rxc2+ 29. Kd1 Nd7 30. Re1 f6 31. Bd5 Rg6 32. Be6 Bxe6 33.
Kxc2 Ke7 34. Rxa6 Rh6 35. g3 Rh8 36. b3 Rc8+ 37. Kb2 Rc5 38. Rd1 Bf5 39. Rd2
Rc7 40. a4 Rb7 41. Rdd6 Nc5 42. Bxf6+ Kf7 43. Rab6 Nd3+ 44. Ka3 Rc7 45. Rdc6
Rd7 46. a5 e4 47. a6 Nxf2 48. Rb7 e3 49. Bc3 Ne4 50. Be1 Ke7 51. a7 Rxb7 52.
a8=Q 1-0

[Event "MMK 2013 - OPEN"]
[Site "ul.Reymonta 22 - Krakow"]
[Date "2013.08.14"]
[Round "8.9"]
[White "Lach, Aleksandra"]
[Black "Janus, Przemyslaw"]
[Result "1-0"]
[WhiteElo "2161"]
[BlackElo "2121"]
[PlyCount "63"]
[EventDate "2013.??.??"]

1. e4 c5 2. Ne2 d6 3. g3 Nc6 4. Bg2 g6 5. O-O Bg7 6. c3 e5 7. d3 Nge7 8. f4 O-O
9. h3 d5 10. Nd2 b6 11. Qa4 dxe4 12. dxe4 Qd3 13. Qc4 Qe3+ 14. Rf2 Be6 15. Qa4
Rfd8 16. Qc2 Qd3 17. Qxd3 Rxd3 18. f5 Bd7 19. f6 Bh6 20. Nf1 Rd1 21. fxe7 Nxe7
22. b3 Rd8 23. Kh2 Bb5 24. c4 Ba6 25. Bb2 Nc6 26. Nc3 Rxa1 27. Bxa1 Rd3 28. Rf3
Rd4 29. Bb2 Nb4 30. Nd5 Rd1 31. Nxb4 cxb4 32. Bxe5 1-0

[Event "MMK 2013 - OPEN"]
[Site "ul.Reymonta 22 - Krakow"]
[Date "2013.08.14"]
[Round "8.10"]
[White "Buscara, Sevan"]
[Black "Zaboklicki, Zbigniew"]
[Result "1-0"]
[WhiteElo "2330"]
[BlackElo "1790"]
[PlyCount "47"]
[EventDate "2013.??.??"]

1. d4 Nf6 2. Bf4 b6 3. Nf3 Bb7 4. e3 h6 5. h3 e6 6. Bd3 d6 7. Qe2 c5 8. c3 Nbd7
9. O-O d5 10. Nbd2 Ne4 11. Ne5 Nxe5 12. dxe5 Nxd2 13. Bb5+ Ke7 14. Qxd2 a6 15.
Ba4 b5 16. Bc2 Ke8 17. a4 g5 18. Bg3 h5 19. f4 h4 20. Bh2 gxf4 21. Rxf4 Bh6 22.
Rf2 Rg8 23. Qe2 Bc6 24. Qh5 1-0